FIFA 21 Top 10 Central Midfielders - Statistics

General Stats
  • This quiz has been taken 173 times
  • The average score is 7 of 10
Answer Stats
Rank Player OVA % Correct
7 Luka Modric 87
94%
4 Toni Kroos 88
92%
1 Casemiro 89
77%
2 N'Golo Kanté 88
77%
9 Paul Pogba 86
77%
6 Sergio Busquets 87
69%
3 Joshua Kimmich 88
66%
8 Marco Verratti 86
57%
10 Jordan Henderson 86
52%
5 Fabinho 87
50%
No matching quizzes found
Score Distribution
Percent of People with Each Score
Percentile by Number Answered
Your Score History
You have not taken this quiz